000 00720cam a2200217 a 4500
001 000006131
005 20200929151937.0
008 830726s1982 pr 001 p spa
040 _aDO-SdBNP
_bspa
_dBNPHU
082 _aPR861.44
_bD793c
100 1 _aDroz, Vanessa,
_d1952-
_917254
245 1 0 _aLa cicatriz a medias /
_cVanessa Droz ; editor Francisco Vázquez.
260 _aRio Piedras, Puerto Rico :
_bEditorial Cultural,
_c1982.
300 _a80 p. ;
_c18 cm.
490 1 _aEl trabajo gustoso
650 4 _aPoesía puertorriqueña
_91015
650 4 _aLiteratura puertorriqueña
_9250
650 4 _aPayasos
_xPoesías
_917255
700 1 _aVázquez, Francisco
_eeditor
_917256
830 0 _aEl trabajo gustoso.
_917257
999 _c5927
_d5927